The gathering storm of arbitrators' and mediators' liability (Record no. 65878)

MARC details
000 -LEADER
fixed length control field 01509cam a2200301 4500
001 - CONTROL NUMBER
control field ABS63509
008 - FIXED-LENGTH DATA ELEMENTS--GENERAL INFORMATION
fixed length control field 000000n2000 000 0 eng u
035 ## - SYSTEM CONTROL NUMBER
System control number (Sirsi) u110519
100 ## - MAIN ENTRY--PERSONAL NAME
Personal name Bristow, D.
245 #4 - TITLE STATEMENT
Title The gathering storm of arbitrators' and mediators' liability
260 ## - PUBLICATION, DISTRIBUTION, ETC.
Date of publication, distribution, etc. 2000
490 ## - SERIES STATEMENT
Series statement Arbitration and Dispute Resolution Law Journal
Volume/sequential designation (4) December 2000, 312-323(12)
520 ## - SUMMARY, ETC.
Summary, etc. Discusses the problems of arbitrators and mediators accused of negligence and their subsequent liability under Canadian law. Examines possible basis for claims including: the fiduciary duty of mediators; confidentiality; the unauthorised practice of law, applicable where the mediator is not a lawyer; and outlines provisions that should be included in standard forms of agreement for arbitration and mediation. Notes that there is no requirement for mediators or arbitrators to carry professional indemnity insurance but details the level of cover provided by some policies. Covers case and common law.
590 ## - LOCAL NOTE (RLIN)
Local note ABS
650 ## - SUBJECT ADDED ENTRY--TOPICAL TERM
Topical term or geographic name entry element MANAGEMENT-DISPUTE AVOIDANCE, MANAGEMENT AND RESOLUTION-DISPUTE MANAGEMENT AND RESOLUTION-ARBITRATION
650 ## - SUBJECT ADDED ENTRY--TOPICAL TERM
Topical term or geographic name entry element CANADA
650 ## - SUBJECT ADDED ENTRY--TOPICAL TERM
Topical term or geographic name entry element CASE LAW
650 ## - SUBJECT ADDED ENTRY--TOPICAL TERM
Topical term or geographic name entry element COMMON LAW
650 ## - SUBJECT ADDED ENTRY--TOPICAL TERM
Topical term or geographic name entry element CONFIDENTIALITY
650 ## - SUBJECT ADDED ENTRY--TOPICAL TERM
Topical term or geographic name entry element FIDUCIARY DUTY
650 ## - SUBJECT ADDED ENTRY--TOPICAL TERM
Topical term or geographic name entry element LIABILITY
650 ## - SUBJECT ADDED ENTRY--TOPICAL TERM
Topical term or geographic name entry element MEDIATION
650 ## - SUBJECT ADDED ENTRY--TOPICAL TERM
Topical term or geographic name entry element NEGLIGENCE
650 ## - SUBJECT ADDED ENTRY--TOPICAL TERM
Topical term or geographic name entry element PROFESSIONAL INDEMNITY INSURANCE
650 ## - SUBJECT ADDED ENTRY--TOPICAL TERM
Topical term or geographic name entry element STANDARD FORMS OF AGREEMENT
690 ## - LOCAL SUBJECT ADDED ENTRY--TOPICAL TERM (OCLC, RLIN)
Topical term or geographic name as entry element Dispute resolution
9 (RLIN) 6236
942 ## - ADDED ENTRY ELEMENTS (KOHA)
Suppress in OPAC 0
Holdings
Withdrawn status Lost status Source of classification or shelving scheme Damaged status Not for loan Home library Current library Shelving location Date acquired Total Checkouts Full call number Barcode Date last seen Copy number Price effective from Koha item type
    Dewey Decimal Classification     London London Journal article 25/01/2001   ABS63509 110519-1001 06/08/2019 1 06/08/2019 Journal article